[Event "PRO League Group Stage"]
[Site "chess.com INT"]
[Date "2018.02.28"]
[Round "8"]
[White "Ganguly, Surya Shekhar"]
[Black "Reimanis, Ritvars"]
[Result "1-0"]
[WhiteTitle "GM"]
[BlackTitle "FM"]
[WhiteElo "2650"]
[BlackElo "2335"]
[WhiteTeam "Mumbai Movers"]
[BlackTeam "Riga Magicians"]
[WhiteFideId "5002150"]
[BlackFideId "11602988"]
[EventDate "2018.01.18"]

1. e4 c5 2. Nf3 Nc6 3. d4 cxd4 4. Nxd4 Nf6 5. Nc3 d6 6. Bg5 e6 7. Qd2 a6 8.
O-O-O Bd7 9. f4 h6 10. Bh4 g5 11. fxg5 Ng4 12. Be2 Nge5 13. Nf3 Be7 14. Bf2 hxg5
15. Na4 g4 16. Nxe5 Nxe5 17. Nb6 Rb8 18. Nxd7 Qxd7 19. Bd4 Rh5 20. Kb1 Qc6 21.
h3 Qxe4 22. hxg4 Rxh1 23. Rxh1 Kd7 24. a3 Bf6 25. Rd1 Rc8 26. Bc3 d5 27. Rf1 Bh8
28. Bxe5 Qxe5 29. Rxf7+ Ke8 30. Rxb7 Rc7 31. Rb8+ Kd7 32. Bxa6 Rxc2 33. Qb4 Rc1+
34. Kxc1 Qe3+ 35. Kb1 Qd3+ 36. Bxd3 1-0

[Event "PRO League Group Stage"]
[Site "chess.com INT"]
[Date "2018.02.28"]
[Round "8"]
[White "Swapnil, S. Dhopade"]
[Black "Neiksans, Arturs"]
[Result "0-1"]
[WhiteTitle "GM"]
[BlackTitle "GM"]
[WhiteElo "2533"]
[BlackElo "2582"]
[WhiteTeam "Mumbai Movers"]
[BlackTeam "Riga Magicians"]
[WhiteFideId "5019184"]
[BlackFideId "11601388"]
[EventDate "2018.01.18"]

1. d4 Nf6 2. Bg5 e6 3. e4 h6 4. Bxf6 Qxf6 5. c3 d6 6. Bd3 e5 7. Ne2 g6 8. O-O
Bg7 9. f4 Qe7 10. f5 O-O 11. fxg6 fxg6 12. Qb3+ Kh8 13. Rxf8+ Qxf8 14. Na3 Nc6
15. Rf1 Qe7 16. Rf7 Qg5 17. Rxc7 Bh3 18. Ng3 Qe3+ 19. Kh1 Rf8 20. Rf7 Qxd3 21.
Rxf8+ Bxf8 22. gxh3 Qf3+ 23. Kg1 exd4 24. cxd4 Qxb3 25. axb3 Nxd4 26. b4 a6 27.
Kf2 b5 28. Ne2 Nxe2 29. Kxe2 Bg7 30. b3 Be5 31. Nc2 Kg7 32. Ne3 Kf7 33. Ng4 Bg7
34. Kd3 h5 35. Ne3 Be5 36. Nf1 Kf6 37. h4 Ke6 38. Ng3 Bf6 39. Ne2 Bxh4 40. Nf4+
Kf7 41. Nd5 Bf6 42. Nc7 Be5 43. Nxa6 Bxh2 44. Nc7 g5 45. Nxb5 g4 46. Nd4 h4 47.
Nf5 h3 48. Nh6+ Ke6 49. Nxg4 Bg3 50. Kc4 Kd7 51. Kb5 Kc7 52. Ka6 Kb8 53. Kb6 h2
54. Nxh2 Bxh2 55. Kc6 Kc8 56. b5 Bg3 57. b6 Kb8 58. b7 Ka7 59. b4 Bh2 60. b5 Bg3
61. b8=Q+ Kxb8 62. Kb6 Bh2 63. Kc6 Ka7 64. b6+ Kb8 65. Kb5 Kb7 66. Ka5 Bg1 67.
Kb5 Bxb6 68. Kc4 Kc6 69. Kd3 Kd7 70. Kc4 Ke6 71. Kc3 Ke5 72. Kd3 Bc5 0-1

[Event "PRO League Group Stage"]
[Site "chess.com INT"]
[Date "2018.02.28"]
[Round "8"]
[White "Swapnil, S. Dhopade"]
[Black "Reimanis, Ritvars"]
[Result "1-0"]
[WhiteTitle "GM"]
[BlackTitle "FM"]
[WhiteElo "2533"]
[BlackElo "2335"]
[WhiteTeam "Mumbai Movers"]
[BlackTeam "Riga Magicians"]
[WhiteFideId "5019184"]
[BlackFideId "11602988"]
[EventDate "2018.01.18"]

1. d4 Nf6 2. c4 e6 3. Nf3 d5 4. Bg5 Be7 5. e3 Ne4 6. Bxe7 Qxe7 7. Nc3 Nxc3 8.
bxc3 O-O 9. Be2 dxc4 10. Bxc4 c5 11. O-O cxd4 12. cxd4 Nc6 13. Bd3 Bd7 14. Rb1
Rab8 15. Qd2 Rfc8 16. Rfc1 Nd8 17. Ne5 Be8 18. Rc3 Rxc3 19. Qxc3 Nc6 20. Nxc6
Qc7 21. Bxh7+ Kxh7 22. Qd3+ Kg8 23. Nxb8 Qxb8 24. Qe4 b6 25. Rc1 Qd8 26. Qb7 Qc8
27. Rxc8 1-0

[Event "PRO League Group Stage"]
[Site "chess.com INT"]
[Date "2018.02.28"]
[Round "8"]
[White "Kuybokarov, Temur"]
[Black "Dreev, Aleksey"]
[Result "1/2-1/2"]
[WhiteTitle "IM"]
[BlackTitle "GM"]
[WhiteElo "2472"]
[BlackElo "2653"]
[WhiteTeam "Australia Kangaroos"]
[BlackTeam "San Diego Surfers"]
[WhiteFideId "14203049"]
[BlackFideId "4100107"]
[EventDate "2018.01.18"]

1. d4 d5 2. c4 c6 3. Nc3 Nf6 4. e3 a6 5. Qc2 e6 6. Nf3 c5 7. cxd5 exd5 8. Be2
Nc6 9. O-O Be6 10. Rd1 cxd4 11. Nxd4 Nxd4 12. exd4 Be7 13. Bg5 O-O 14. Bf3 Qb6
15. Qb3 Qxb3 16. axb3 Rfd8 17. Na4 Rac8 18. Rac1 h6 19. Bf4 Ne4 20. h3 Rxc1 21.
Rxc1 Bf6 22. Be3 Nd6 23. Nc5 Nf5 24. Nxe6 fxe6 25. Bg4 Rd7 26. Kf1 Kf7 27. Bxf5
exf5 28. Ke2 g5 29. Kd3 Ke6 30. f3 Rd6 31. Rc7 Rb6 32. Kc2 f4 33. Bf2 h5 34. Rh7
Rc6+ 35. Kd1 Rb6 36. Kc2 h4 37. Rc7 Kd6 38. Rf7 Ke6 39. Rc7 Bd8 40. Rg7 Bf6 41.
Rc7 Kd6 42. Rf7 Ke6 43. Rc7 Kd6 44. Rf7 Ke6 45. Rc7 1/2-1/2

[Event "PRO League Group Stage"]
[Site "chess.com INT"]
[Date "2018.02.28"]
[Round "8"]
[White "Lopez, Jasel"]
[Black "Vachier-Lagrave, Maxime"]
[Result "0-1"]
[WhiteTitle "FM"]
[BlackTitle "GM"]
[WhiteElo "2316"]
[BlackElo "2793"]
[WhiteTeam "Amsterdam Mosquitoes"]
[BlackTeam "Marseille Migraines"]
[WhiteFideId "15900045"]
[BlackFideId "623539"]
[EventDate "2018.01.18"]

1. d4 Nf6 2. Bf4 g6 3. Nc3 Bg7 4. e4 d5 5. e5 Ne4 6. Nce2 f6 7. Nf3 c5 8. exf6
Bxf6 9. Bh6 Nc6 10. c3 Qb6 11. Qb3 c4 12. Qxb6 axb6 13. a3 b5 14. Rd1 g5 15. h4
g4 16. Ng5 Nd6 17. Nf4 Nf5 18. Nxd5 Ra5 19. Nb6 Na7 20. g3 Nxh6 21. Bg2 Kd8 22.
Ne4 Ra6 23. Nxc8 Kxc8 24. Nc5 Rb6 25. O-O Nc6 26. Rfe1 Nd8 27. a4 bxa4 28. Ra1
Nhf7 29. Rxa4 Nd6 30. Re2 h5 31. Bd5 Kc7 32. Ra8 Rf8 33. Kg2 Rb5 34. Be6 Rh8 35.
Bd5 e5 36. Ne4 Nxe4 37. Bxc4 Rb6 38. dxe5 Be7 39. Rxe4 Rxb2 40. Ra2 Rxa2 41.
Bxa2 Rf8 42. Bd5 Nc6 43. Re2 Rf5 44. f4 gxf3+ 45. Bxf3 Nxe5 46. Bxh5 Rxh5 47. g4
Rxh4 48. Rxe5 Rxg4+ 49. Kf3 Bd6 50. Rh5 Rg3+ 51. Ke4 Rxc3 52. Kd4 Rg3 53. Rh7+
Kc6 54. Rh5 b5 55. Rh4 b4 56. Kc4 Rc3+ 57. Kd4 Bc5+ 58. Ke5 b3 59. Rh1 b2 60.
Rb1 Rc2 61. Ke4 Ba3 0-1

[Event "PRO League Group Stage"]
[Site "chess.com INT"]
[Date "2018.02.28"]
[Round "8"]
[White "Lopez, Jasel"]
[Black "Gozzoli, Yannick"]
[Result "0-1"]
[WhiteTitle "FM"]
[BlackTitle "GM"]
[WhiteElo "2316"]
[BlackElo "2565"]
[WhiteTeam "Amsterdam Mosquitoes"]
[BlackTeam "Marseille Migraines"]
[WhiteFideId "15900045"]
[BlackFideId "616915"]
[EventDate "2018.01.18"]

1. d4 Nf6 2. Bf4 d5 3. e3 e6 4. c3 c5 5. Nd2 Bd6 6. Bg3 O-O 7. Bd3 Qc7 8. Ngf3
Nbd7 9. Bxd6 Qxd6 10. e4 cxd4 11. cxd4 dxe4 12. Nxe4 Nxe4 13. Bxe4 Qb4+ 14. Qd2
Qxd2+ 15. Nxd2 Nf6 16. Bf3 Bd7 17. O-O Rac8 18. Rfc1 b6 19. Nc4 Rfd8 20. Ne3 Bb5
21. d5 e5 22. Rxc8 Rxc8 23. a4 Bd3 24. a5 g6 25. h4 b5 26. Re1 Kf8 27. Be2 Bxe2
28. Rxe2 Ke7 29. g4 Kd6 30. g5 Nd7 31. b4 f5 32. gxf6 Nxf6 33. Kg2 Rc3 34. Kf3
Rd3 35. Rc2 Nxd5 36. Rc8 Nxb4 37. Rh8 Nc6 38. Rxh7 Kc5 39. Ke2 Rd6 40. Rb7 b4
41. Nc2 Kc4 42. a6 Kc3 43. Ne3 e4 44. Nd1+ Kc4 45. Nb2+ Kb3 46. Nd1 Nd4+ 47. Ke1
Nf3+ 48. Ke2 Rd2+ 49. Ke3 Rxd1 50. Kxe4 Nd2+ 51. Kd3 Nc4+ 52. Ke2 Rd2+ 53. Ke1
Ra2 54. Rxa7 Kc3 0-1

[Event "PRO League Group Stage"]
[Site "chess.com INT"]
[Date "2018.02.28"]
[Round "8"]
[White "Cornette, Matthieu"]
[Black "Lenic, Luka"]
[Result "1-0"]
[WhiteTitle "GM"]
[BlackTitle "GM"]
[WhiteElo "2611"]
[BlackElo "2662"]
[WhiteTeam "Cannes Blockbusters"]
[BlackTeam "Ljubljana Turtles"]
[WhiteFideId "620084"]
[BlackFideId "14603853"]
[EventDate "2018.01.18"]

1. e4 c5 2. Nc3 Nc6 3. Bb5 Nd4 4. Bc4 e6 5. Nge2 Ne7 6. Nxd4 cxd4 7. Ne2 Nc6 8.
O-O a6 9. d3 d5 10. exd5 exd5 11. Bb3 Bd6 12. Nf4 Bxf4 13. Bxf4 O-O 14. Qf3 Be6
15. Rfe1 Qf6 16. Qg3 Rac8 17. Re2 Qg6 18. Qxg6 hxg6 19. Bd6 Rfd8 20. Bc5 Rd7 21.
Bb6 Rd6 22. Ba4 Bd7 23. a3 g5 24. Rae1 Re6 25. Bb3 Rce8 26. Kf1 Rxe2 27. Rxe2
Rxe2 28. Kxe2 Be6 29. Ba4 g4 30. Bxc6 bxc6 31. Bxd4 Kf8 32. Ke3 f6 33. Ba7 Ke7
34. Kd4 Kd7 35. Kc5 Kc7 36. Bb6+ Kb7 37. Bd8 Bf7 38. Kd6 d4 39. Kc5 Bd5 40. g3
Kc8 41. Bb6 Bf3 42. Kxd4 Bd1 43. c3 Bc2 44. Bc5 Kd7 45. Bf8 g6 46. Bg7 f5 47.
Be5 Ke6 48. Bf4 Kd7 49. Kc4 Kc8 50. d4 a5 51. Kc5 Kd7 52. b4 axb4 53. axb4 Bd3
54. c4 Be4 55. b5 cxb5 56. Kxb5 Bd3 57. Kc5 Be2 58. d5 1-0

[Event "PRO League Group Stage"]
[Site "chess.com INT"]
[Date "2018.02.28"]
[Round "8"]
[White "Cornette, Matthieu"]
[Black "Sebenik, Matej"]
[Result "1-0"]
[WhiteTitle "GM"]
[BlackTitle "GM"]
[WhiteElo "2611"]
[BlackElo "2551"]
[WhiteTeam "Cannes Blockbusters"]
[BlackTeam "Ljubljana Turtles"]
[WhiteFideId "620084"]
[BlackFideId "14602296"]
[EventDate "2018.01.18"]

1. e4 e5 2. Nf3 Nc6 3. Bb5 a6 4. Ba4 Nf6 5. O-O Be7 6. d3 b5 7. Bb3 d6 8. a3 O-O
9. Nc3 Bg4 10. Be3 Nd4 11. Bxd4 exd4 12. Nd5 Nd7 13. h3 Bxf3 14. Qxf3 c6 15.
Nxe7+ Qxe7 16. Qg3 Nc5 17. Ba2 Na4 18. Rab1 c5 19. Rfe1 Rfe8 20. f4 Rac8 21. Bd5
Nb6 22. Ba2 Na4 23. e5 c4 24. exd6 Qxd6 25. dxc4 Rxe1+ 26. Rxe1 Nxb2 27. cxb5
axb5 28. Qb3 Nc4 29. Qxb5 Ne3 30. Re2 g6 31. Qb3 Qf6 32. Rd2 Rc3 33. Qb8+ Kg7
34. Bb3 g5 35. fxg5 Qf1+ 36. Kh2 Rc5 37. Qd6 Qe1 38. Qf6+ 1-0

[Event "PRO League Group Stage"]
[Site "chess.com INT"]
[Date "2018.02.28"]
[Round "8"]
[White "Kaasen, Tor Fredrik"]
[Black "Demidov, Mikhail"]
[Result "0-1"]
[WhiteTitle "FM"]
[BlackTitle "IM"]
[WhiteElo "2340"]
[BlackElo "2523"]
[WhiteTeam "Oslo Trolls"]
[BlackTeam "Volga Stormbringers"]
[WhiteFideId "1516647"]
[BlackFideId "4197143"]
[EventDate "2018.01.18"]

1. e4 e6 2. d4 d5 3. Nc3 Bb4 4. e5 Qd7 5. Qg4 Bf8 6. Nf3 b6 7. Bb5 c6 8. Ba4 a5
9. Bb3 Ba6 10. a4 Ne7 11. h4 h5 12. Qf4 Nf5 13. Nd1 c5 14. c3 Nc6 15. Ne3 g6 16.
Nxf5 gxf5 17. Be3 Rg8 18. Ng5 Rc8 19. f3 cxd4 20. Bxd4 Bh6 21. O-O-O Nxd4 22.
Rxd4 Qe7 23. Qh2 Bxg5+ 24. hxg5 Qxg5+ 25. Rd2 Qe3 26. g4 fxg4 27. fxg4 hxg4 28.
Kb1 g3 29. Qh7 Ke7 30. Qh4+ Rg5 31. Qh6 Rxe5 32. Qh4+ Rg5 33. Rdd1 Qe4+ 34. Qxe4
dxe4 35. Bc2 g2 36. Rhg1 f5 37. Rd2 Rcg8 38. b4 e3 39. Rdd1 e2 40. Rde1 Bc4 41.
Kc1 Rg3 42. Kb2 Kf6 43. Bb3 Bxb3 44. Kxb3 Re3 45. Kc2 f4 46. Kd2 Rd8+ 0-1

[Event "PRO League Group Stage"]
[Site "chess.com INT"]
[Date "2018.02.28"]
[Round "8"]
[White "Kaasen, Tor Fredrik"]
[Black "Gorozhanin, Mikhail"]
[Result "0-1"]
[WhiteTitle "FM"]
[BlackTitle "FM"]
[WhiteElo "2340"]
[BlackElo "2435"]
[WhiteTeam "Oslo Trolls"]
[BlackTeam "Volga Stormbringers"]
[WhiteFideId "1516647"]
[BlackFideId "4178262"]
[EventDate "2018.01.18"]

1. c4 e6 2. g3 d5 3. Bg2 c6 4. Qc2 Nf6 5. Nf3 Nbd7 6. O-O Be7 7. b3 O-O 8. Bb2
b6 9. e3 Bb7 10. Nc3 Rc8 11. d4 dxc4 12. bxc4 c5 13. d5 exd5 14. Nh4 Ne5 15.
cxd5 Qd7 16. Rad1 Rfe8 17. h3 Ba6 18. Rfe1 c4 19. Ne4 Nxe4 20. Bxe5 Bxh4 21.
Qxe4 Bxg3 22. fxg3 f6 23. Qg4 Qxg4 24. hxg4 Rxe5 25. d6 Kf8 26. Rd4 Bb5 27. Kf2
Bd7 28. Rc1 b5 29. a4 a6 30. Bb7 Rce8 31. Bxa6 bxa4 32. Rcxc4 a3 33. Rd1 Ra5 34.
Rc7 Rxa6 35. Rxd7 a2 36. Ra1 Rb8 37. Rc7 Rb2+ 38. Kf3 Rxd6 39. Ra7 Rdd2 40. Ke4
Kg8 41. Kf5 Rf2+ 42. Ke6 h6 43. e4 Rbe2 44. Kd5 Rg2 45. g5 hxg5 46. Ke6 Kh7 47.
Kf7 Rb2 48. Kf8 Rb8+ 49. Kf7 Rh2 50. g4 Rh4 51. e5 fxe5 52. Ke6 Rxg4 53. Kf5 Rh4
54. Kxg5 Rbb4 55. Kf5 e4 56. Rg1 Rb5+ 57. Ke6 Rb6+ 58. Kf5 Rf6+ 59. Ke5 Rg6 60.
Rxg6 Kxg6 61. Rxa2 Kg5 62. Re2 g6 63. Re1 Rg4 64. Kd4 Kf5 65. Ra1 Rg3 66. Ra8
Rd3+ 67. Kc4 Rd6 68. Kc5 Rd2 69. Rf8+ Kg5 70. Re8 Kf4 71. Rf8+ Kg4 72. Re8 Kf3
73. Rf8+ Ke2 74. Rg8 e3 75. Rxg6 Kf1 76. Kc4 e2 77. Rf6+ Ke1 78. Kc3 Kd1 79. Ra6
e1=Q 80. Ra1+ Ke2 81. Rxe1+ Kxe1 82. Kb3 Rd8 0-1

[Event "PRO League Group Stage"]
[Site "chess.com INT"]
[Date "2018.02.28"]
[Round "8"]
[White "Rendle, Thomas E"]
[Black "Agrest, Evgenij"]
[Result "1/2-1/2"]
[WhiteTitle "IM"]
[BlackTitle "GM"]
[WhiteElo "2362"]
[BlackElo "2584"]
[WhiteTeam "London Towers"]
[BlackTeam "Stockholm Snowballs"]
[WhiteFideId "408760"]
[BlackFideId "1705024"]
[EventDate "2018.01.18"]

1. e4 c6 2. Nf3 d5 3. Nc3 dxe4 4. Nxe4 Nf6 5. Qe2 Nxe4 6. Qxe4 Qa5 7. Bc4 Bf5 8.
Qf4 e6 9. Bb3 Nd7 10. Nh4 Bg6 11. Nxg6 hxg6 12. O-O Nf6 13. d3 O-O-O 14. h3 Bd6
15. Qg5 Qc7 16. Qe3 Kb8 17. Bd2 Rh5 18. c3 g5 19. g4 Bf4 20. Qf3 Rh4 21. Bxf4
Qxf4 22. Qxf4+ gxf4 23. Kg2 Rxd3 24. Rh1 g5 25. Rad1 Rxd1 26. Rxd1 Kc7 27. Re1
Nd7 28. Bc2 Rh6 29. Be4 Rh8 30. Bf3 Kd6 31. Rd1+ Ke7 32. Re1 Kf6 33. Rd1 Ne5 34.
Be4 Ke7 35. Rd4 Rd8 36. Rb4 b6 37. Ra4 Rd7 38. h4 gxh4 39. Kh3 a5 40. b4 axb4
41. Rxb4 b5 42. Rb2 Rd1 43. Kxh4 Re1 44. Bg2 Kf6 45. f3 Re3 46. Rc2 Nc4 47. g5+
Kg6 48. Kg4 e5 49. Bf1 Nd6 50. Rd2 Nb7 51. Bd3+ Kg7 52. Bf5 Rxc3 53. Rd7 Nc5 54.
Rc7 Kf8 55. Rxc6 b4 56. Rc8+ Kg7 57. Rb8 b3 58. axb3 Nxb3 59. Rb7 Nc5 60. Ra7
Kf8 61. Ra8+ Ke7 62. Ra7+ Ke8 63. Ra8+ Ke7 64. Ra7+ Kf8 65. Ra8+ Ke7 1/2-1/2

[Event "PRO League Group Stage"]
[Site "chess.com INT"]
[Date "2018.02.28"]
[Round "8"]
[White "Rendle, Thomas E"]
[Black "Agrest, Inna"]
[Result "1-0"]
[WhiteTitle "IM"]
[BlackTitle "WIM"]
[WhiteElo "2362"]
[BlackElo "2280"]
[WhiteTeam "London Towers"]
[BlackTeam "Stockholm Snowballs"]
[WhiteFideId "408760"]
[BlackFideId "1708830"]
[EventDate "2018.01.18"]

1. e4 e5 2. Nf3 Nc6 3. Bb5 a6 4. Ba4 Nf6 5. d4 b5 6. dxe5 bxa4 7. exf6 Qxf6 8.
Nc3 Bb4 9. O-O Bxc3 10. bxc3 O-O 11. Rb1 a5 12. Re1 Qxc3 13. Bb2 Qc4 14. Qd2 f6
15. Nh4 d6 16. a3 Be6 17. Bc3 Qc5 18. Ra1 Rab8 19. h3 Rb5 20. Nf3 Qh5 21. Nd4
Nxd4 22. Qxd4 Rg5 23. Kf1 Bd7 24. Re3 Qg6 25. g3 Bxh3+ 26. Ke1 Rc5 27. Qxa4 Qh5
28. Kd2 Be6 29. Qd4 Qh2 30. Ree1 Qh6+ 31. Qe3 Qg6 32. Rab1 Bf7 33. g4 Rc4 34. f3
Ra4 35. Rb7 c5 36. Reb1 Rxa3 37. Rd7 d5 38. exd5 Re8 39. Qf4 h6 40. Rbb7 Rf8 41.
d6 Ra2 42. Bb2 a4 43. Rxf7 Rxf7 44. Qc4 Qg5+ 45. Ke2 Rxb2 46. Qxf7+ Kh7 47. Rxb2
Qe5+ 48. Kf1 Qxb2 49. d7 Qc1+ 50. Kg2 Qxc2+ 51. Kg3 Qd2 52. Qe8 Qd6+ 53. Kh3 Qd1
54. Qe4+ g6 55. Qe7+ Kg8 56. d8=Q+ 1-0

[Event "PRO League Group Stage"]
[Site "chess.com INT"]
[Date "2018.02.28"]
[Round "8"]
[White "Gonzalez, Francisco Silva"]
[Black "Hemant, Sharma2"]
[Result "0-1"]
[BlackTitle "IM"]
[WhiteElo "2076"]
[BlackElo "2348"]
[WhiteTeam "Norway Gnomes"]
[BlackTeam "Delhi Dynamite"]
[WhiteFideId "1512285"]
[BlackFideId "5025842"]
[EventDate "2018.01.18"]

1. d4 f5 2. e4 fxe4 3. Nc3 g6 4. Nxe4 Bg7 5. Nf3 Nf6 6. Nc3 e6 7. Bd3 Nc6 8. a3
Ne7 9. Bg5 O-O 10. Qd2 b6 11. O-O-O Bb7 12. h4 c5 13. dxc5 bxc5 14. h5 Bxf3 15.
gxf3 Nxh5 16. Rdg1 Rf7 17. Ne4 Qb6 18. c4 d5 19. Nc3 Rb8 20. Bxe7 Rxe7 21. cxd5
exd5 22. Rxh5 gxh5 23. Nxd5 Qd6 24. Bc4 Kh8 25. Nxe7 Qxe7 26. Qd5 Bxb2+ 27. Kc2
Bg7 28. a4 Qf6 29. Rb1 Qc3+ 30. Kd1 Rxb1+ 31. Ke2 Re1# 0-1

[Event "PRO League Group Stage"]
[Site "chess.com INT"]
[Date "2018.02.28"]
[Round "8"]
[White "Gonzalez, Francisco Silva"]
[Black "Vaibhav, Suri"]
[Result "0-1"]
[BlackTitle "GM"]
[WhiteElo "2076"]
[BlackElo "2542"]
[WhiteTeam "Norway Gnomes"]
[BlackTeam "Delhi Dynamite"]
[WhiteFideId "1512285"]
[BlackFideId "5045185"]
[EventDate "2018.01.18"]

1. d4 d5 2. c4 e6 3. Nc3 a6 4. cxd5 exd5 5. Nf3 c6 6. h3 Nf6 7. Bg5 Be7 8. e3
Bf5 9. Bd3 Bxd3 10. Qxd3 Nbd7 11. O-O O-O 12. Rab1 Ne8 13. Bf4 Bd6 14. Ne2 Bxf4
15. Nxf4 Nd6 16. b4 Re8 17. a4 Nb6 18. Ra1 Nbc4 19. Nd2 Nxd2 20. Qxd2 b5 21. Nd3
Nc4 22. Qc3 Qd6 23. axb5 axb5 24. Nc5 h6 25. Rfe1 Qe7 26. Rxa8 Rxa8 27. Ra1 Ra7
28. Qc1 g6 29. Qc3 h5 30. Qc1 Kg7 31. Qc3 Kh7 32. Qc1 Qc7 33. Nd3 Ra4 34. Rb1
Kg7 35. Ne5 Qd6 36. Qc3 Ra2 37. Nd3 Ra3 38. Rb3 Ra7 39. Rb1 Ra3 40. Rb3 Ra4 41.
Rb1 Qc7 42. Ne5 Ra3 43. Qc1 Ra2 44. Nd3 Qa7 45. Ne5 Qa6 46. h4 Nd2 47. Kh2 Nxb1
48. Qxb1 Rxf2 49. Qg1 Rc2 50. Qf1 Qa7 51. Qf4 f6 52. Nd3 Qe7 53. Nc5 Ra2 54. e4
dxe4 55. Nxe4 Ra8 56. Nc5 Rd8 57. Qf3 Qd6+ 58. g3 Re8 59. Nb3 Qd5 60. Qd3 Re4
61. Nc5 Rxd4 62. Qf1 Rd2+ 63. Kg1 Rd1 64. Ne6+ Kg8 65. Nf4 Qd4+ 66. Kg2 Rxf1 67.
Kxf1 Qe4 68. Kf2 g5 69. hxg5 fxg5 70. Nxh5 Kf7 71. g4 Qxg4 72. Ng3 Qh4 73. Kf3
Qf4+ 74. Kg2 Qxb4 75. Nh5 Qg4+ 76. Kh2 Qxh5+ 0-1

[Event "PRO League Group Stage"]
[Site "chess.com INT"]
[Date "2018.02.28"]
[Round "8"]
[White "Gunina, Valentina"]
[Black "Skoberne, Jure"]
[Result "0-1"]
[WhiteTitle "GM"]
[BlackTitle "GM"]
[WhiteElo "2502"]
[BlackElo "2553"]
[WhiteTeam "Cannes Blockbusters"]
[BlackTeam "Ljubljana Turtles"]
[WhiteFideId "4167570"]
[BlackFideId "14604299"]
[EventDate "2018.01.18"]

1. e4 e6 2. d4 d5 3. Nd2 h6 4. Ngf3 Nf6 5. e5 Nfd7 6. c4 Be7 7. cxd5 exd5 8. Bd3
Nf8 9. O-O Ne6 10. Re1 g5 11. Nb3 b6 12. Be3 c5 13. dxc5 bxc5 14. Bb5+ Kf8 15.
Rc1 d4 16. Bd2 Ba6 17. Bxa6 Nxa6 18. Qe2 Qb6 19. Qe4 Rb8 20. Rc4 Qb7 21. Qxb7
Rxb7 22. Rec1 Kg7 23. Ne1 Rhb8 24. Nd3 Rxb3 25. axb3 Rxb3 26. Ne1 Rxb2 27. R4c2
Rb7 28. Nd3 Nac7 29. Rb2 Rb6 30. f3 Nd5 31. g3 f6 32. exf6+ Kxf6 33. Kf2 Rxb2
34. Nxb2 Nb6 35. Ke2 Ke5 36. Kd3 Kd5 37. f4 c4+ 38. Kc2 Nc5 39. Re1 Bf6 40. fxg5
hxg5 41. Bb4 d3+ 42. Kb1 Ne4 43. Nd1 Bd4 44. Ne3+ Bxe3 45. Rxe3 Kd4 46. Rf3 Nd5
47. Ba5 c3 48. h4 gxh4 49. gxh4 d2 0-1

[Event "PRO League Group Stage"]
[Site "chess.com INT"]
[Date "2018.02.28"]
[Round "8"]
[White "Gunina, Valentina"]
[Black "Skuhala, Luka"]
[Result "1/2-1/2"]
[WhiteTitle "GM"]
[WhiteElo "2502"]
[BlackElo "2059"]
[WhiteTeam "Cannes Blockbusters"]
[BlackTeam "Ljubljana Turtles"]
[WhiteFideId "4167570"]
[BlackFideId "14605678"]
[EventDate "2018.01.18"]

1. e4 c5 2. Nf3 d6 3. d4 cxd4 4. Qxd4 a6 5. c4 Nc6 6. Qe3 Nf6 7. Be2 g6 8. O-O
Bg7 9. h3 Nd7 10. Nc3 Qb6 11. Nd5 Qxe3 12. Bxe3 O-O 13. Rab1 Nc5 14. Nd2 a5 15.
f3 Be6 16. Rfd1 f5 17. Bxc5 dxc5 18. Nc7 Nd4 19. Nxa8 Rxa8 20. Bd3 f4 21. Nb3 b6
22. Bf1 Nxb3 23. axb3 Bd4+ 24. Rxd4 cxd4 25. Rd1 Rd8 26. Kf2 Bf7 27. e5 Be6 28.
Bd3 Bf5 29. Ke2 Kf7 30. Ra1 Ke6 31. b4 axb4 32. Ra6 Rb8 33. c5 Kxe5 34. cxb6
Bxd3+ 35. Kxd3 Kd5 36. Ra5+ Kc6 37. Kxd4 Rxb6 38. Ke4 Kd6 39. Kxf4 Rc6 40. Rb5
Rc4+ 41. Ke3 Kc6 42. Re5 Rc2 43. Rxe7 Rxb2 44. g4 b3 45. Rxh7 Re2+ 46. Kxe2 b2
47. h4 b1=Q 48. Kf2 Kd6 49. Kg2 Ke6 50. Ra7 Qb2+ 51. Kh3 Qb1 52. Ra6+ Ke5 53.
Ra4 Qh1+ 54. Kg3 Qg1+ 55. Kh3 Qd1 56. Re4+ Kf6 57. Kg2 Qd2+ 58. Kg3 Qd6+ 59. Kg2
Qd2+ 60. Kg3 Qd6+ 61. Kg2 Qd2+ 1/2-1/2

[Event "PRO League Group Stage"]
[Site "chess.com INT"]
[Date "2018.02.28"]
[Round "8"]
[White "Skuhala, Luka"]
[Black "Perez, Flavio"]
[Result "0-1"]
[BlackTitle "FM"]
[WhiteElo "2059"]
[BlackElo "2279"]
[WhiteTeam "Ljubljana Turtles"]
[BlackTeam "Cannes Blockbusters"]
[WhiteFideId "14605678"]
[BlackFideId "623911"]
[EventDate "2018.01.18"]

1. e4 c5 2. Nf3 e6 3. d4 cxd4 4. Nxd4 Nc6 5. Nc3 Qc7 6. Be3 a6 7. Nb3 Nf6 8. Be2
Bb4 9. f3 O-O 10. O-O d5 11. exd5 exd5 12. Bg5 Qe5 13. Bxf6 Qxf6 14. Nxd5 Qxb2
15. c3 Bxc3 16. Rb1 Bd4+ 17. Kh1 Qxa2 18. Nc7 Rb8 19. Nxd4 Nxd4 20. Qxd4 Qxe2
21. Rfe1 Qc2 22. Rec1 Qg6 23. Nd5 Kh8 24. Ne7 Qf6 25. Qc5 Be6 26. h3 Rfe8 27.
Nd5 Bxd5 28. Qxd5 b5 29. Rc6 Re6 30. Rbc1 g6 31. Rc8+ Rxc8 32. Rxc8+ Kg7 33. Rc1
Qe5 34. Qa8 b4 35. Rc8 Qg3 36. Rg8+ Kh6 37. Qf8+ Kh5 38. Qc5+ f5 0-1

[Event "PRO League Group Stage"]
[Site "chess.com INT"]
[Date "2018.02.28"]
[Round "8"]
[White "Skuhala, Luka"]
[Black "Cornette, Matthieu"]
[Result "0-1"]
[BlackTitle "GM"]
[WhiteElo "2059"]
[BlackElo "2611"]
[WhiteTeam "Ljubljana Turtles"]
[BlackTeam "Cannes Blockbusters"]
[WhiteFideId "14605678"]
[BlackFideId "620084"]
[EventDate "2018.01.18"]

1. e4 e5 2. Nf3 Nc6 3. Bc4 Nf6 4. d3 Bc5 5. O-O d6 6. c3 a6 7. Bb3 Ba7 8. h3 h6
9. Re1 g5 10. Be3 g4 11. hxg4 Nxg4 12. Bxa7 Nxa7 13. d4 Qf6 14. Nbd2 h5 15. Nf1
h4 16. dxe5 dxe5 17. N1h2 Rg8 18. Qd5 Nc6 19. Ba4 b5 20. Bb3 Nxh2 21. Kxh2 h3
22. Rg1 Bd7 23. Rad1 Rd8 24. Qc5 hxg2 25. Rxg2 Qh6+ 26. Kg1 Rxg2+ 27. Kxg2 Qh3+
28. Kg1 Qxf3 29. Rxd7 Qg4+ 30. Kf1 Qxd7 31. Bd5 Ne7 32. Bb3 Qh3+ 0-1

[Event "PRO League Group Stage"]
[Site "chess.com INT"]
[Date "2018.02.28"]
[Round "8"]
[White "Jones, Gawain C B"]
[Black "Meier, Georg"]
[Result "1/2-1/2"]
[WhiteTitle "GM"]
[BlackTitle "GM"]
[WhiteElo "2640"]
[BlackElo "2647"]
[WhiteTeam "London Towers"]
[BlackTeam "Stockholm Snowballs"]
[WhiteFideId "409561"]
[BlackFideId "4675789"]
[EventDate "2018.01.18"]

1. e4 e6 2. d4 d5 3. Nd2 dxe4 4. Nxe4 Nd7 5. Nf3 Ngf6 6. Nxf6+ Nxf6 7. g3 Bd7 8.
Ne5 Bc6 9. Nxc6 Qd5 10. Rg1 Qxc6 11. Bg2 Qb6 12. a4 a5 13. Qe2 c6 14. c3 Be7 15.
Bg5 O-O 16. O-O-O Rfd8 17. f4 Qc7 18. Rge1 h6 19. Bh4 Rd7 20. f5 exf5 21. Bh3 g6
22. Qd2 Kg7 23. Bxf5 gxf5 24. Rxe7 Rxe7 25. Bxf6+ Kg6 26. Bxe7 Qxe7 27. d5 Rd8
28. c4 Qc5 29. Qf4 Rxd5 30. h4 Rxd1+ 31. Kxd1 Qe7 32. h5+ Kg7 33. Qxf5 Qd6+ 34.
Kc2 Qxg3 35. Qxa5 Qf2+ 36. Kb3 c5 37. Qc7 Qf3+ 38. Ka2 Qd1 39. Qe5+ Kg8 40. Qe8+
Kg7 41. a5 Qxh5 42. Qb5 Qd1 43. Qxc5 Qa4+ 44. Kb1 Qd1+ 45. Ka2 Qa4+ 46. Kb1 Qd1+
47. Ka2 Qa4+ 48. Kb1 Qd1+ 1/2-1/2